Equipos de la Primera División de Fútbol de Argentina - Estadísticas

Estadísticas generales
  • Esta prueba ha sido intentada 394 veces
    39 desde el último reinicio
  • La puntuación promedio es 25 de 30
Estadísticas de respuestas
Imagen Respuesta % Correcto
Boca Juniors
100%
Estudiantes de La Plata
97%
Independiente
97%
Newell's Old Boys
97%
Racing
97%
River Plate
97%
Huracán
94%
San Lorenzo
94%
Defensa y Justicia
91%
Lanús
91%
Rosario Central
91%
Vélez Sarsfield
91%
Talleres
89%
Platense
86%
Tigre
86%
Banfield
83%
Belgrano
83%
Argentinos Juniors
80%
Gimnasia y Esgrima de La Plata
77%
Sarmiento de Junín
77%
Aldosivi
74%
Atlético Tucumán
74%
Unión de Santa Fe
74%
Barracas Central
66%
Deportivo Riestra
66%
Central Córdoba
63%
Instituto de Córdoba
63%
Estudiantes de Río Cuarto
60%
Independiente Rivadavia
57%
Gimnasia y Esgrima de Mendoza
54%
No se encontraron pruebas coincidentes
Distribución de puntuación
Porcentaje de gente con cada puntuación
Porcentaje por número respondido
Historial de tus puntuaciones
No has intentado esta prueba desde el último reinicio